Textbook of Microbiology for Nursing (Record no. 1765)

MARC details
000 -LEADER
Fixed length control field 00499nam a22001937a 4500
003 - CONTROL NUMBER IDENTIFIER
Control field IIN
005 - DATE AND TIME OF LATEST TRANSACTION
Control field 20250429112015.0
008 - FIXED-LENGTH DATA ELEMENTS--GENERAL INFORMATION
Fixed length control field 250429s |||ad||| |||| 001 0 eng d
020 ## - INTERNATIONAL STANDARD BOOK NUMBER / ISBN
International Standard Book Number 9789394624115
Price Rs.475.00
040 ## - CATALOGING SOURCE
Original cataloging agency IIN
082 ## - DEWEY DECIMAL CLASSIFICATION NUMBER
Classification number 579.0282
Book Number BIS
100 ## - MAIN ENTRY--PERSONAL NAME
Personal name Biswas, Gopa
245 ## - TITLE STATEMENT
Title Textbook of Microbiology for Nursing
Statement of responsibility Gopa Biswas
260 ## - IMPRINT
Place of publication Kolkata
Name of publisher Ananda
Date of publication 2024
300 ## - PHYSICAL DESCRIPTION
Page / Vol. No 155 p.
Other physical details col. ill.
500 ## - GENERAL NOTE
General note Includes Index
650 ## - SUBJECT ADDED ENTRY--TOPICAL TERM
Topical term Microbiology
Form subdivision Nursing
942 ## - ADDED ENTRY ELEMENTS (KOHA)
Koha item type Books
Holdings
Withdrawn status Lost status Source of classification Damaged status Not for loan Collection code Home library Current library Shelving location Date acquired Price Total Checkouts Call number Accession number Date last seen Price effective from Koha item type
    Dewey Decimal Classification     Purches Book IDEAL INSTITUTE OF NURSING IDEAL INSTITUTE OF NURSING General Stacks 11/03/2025 475.00   579.0282 BIS 1926 29/04/2025 29/04/2025 Books
© Ideal Institute Of Nursing, All rights reserved.         Powered by Koha